Circuits and networks (Record no. 37430)

MARC details
000 -LEADER
fixed length control field 00473nam a2200145 a 4500
008 - FIXED-LENGTH DATA ELEMENTS--GENERAL INFORMATION
fixed length control field 120416s0000 ||||||||||||||||| || u
020 ## - INTERNATIONAL STANDARD BOOK NUMBER
International Standard Book Number 0074603949
050 ## - LIBRARY OF CONGRESS CALL NUMBER
Classification number TK 454 Sud
100 ## - MAIN ENTRY--PERSONAL NAME
Personal name Sudhakar, A
245 10 - TITLE STATEMENT
Title Circuits and networks
246 ## - VARYING FORM OF TITLE
Title proper/short title analysis and synthesis
260 ## - PUBLICATION, DISTRIBUTION, ETC.
Place of publication, distribution, etc. New Delhi
Name of publisher, distributor, etc. McGraw-Hill
Date of publication, distribution, etc. 1994
350 ## - PRICE (NR) (BK AM CF MU VM SE) [OBSOLETE]
Price 0.00
995 ## - RECOMMENDATION 995 [LOCAL, UNIMARC FRANCE]
-- 0.00
-- CBU-MAIN LIBRARY (Kitwe)
-- 1
-- 42.95
-- 1
-- AVAILABLE
-- Short Loan Collection
Holdings
Withdrawn status Lost status Source of classification or shelving scheme Damaged status Not for loan Home library Current library Shelving location Date acquired Total Checkouts Full call number Barcode Date last seen Price effective from Koha item type
          CBU-MAIN LIBRARY, KITWE. CBU-MAIN LIBRARY, KITWE.   11/30/2022   TK 454 Sud 026869 11/30/2022 11/30/2022 MONOGRAPH